B-002 中央区の町名 - Statistics

General Stats
  • This quiz has been taken 53 times
  • The average score is 19 of 37
Answers on the Map
Answers color-coded by a green-red scale on the quiz's map according to % correct below.
 
Answer Stats
Answer % Correct
銀座
95%
日本橋
95%
築地
86%
月島
84%
八丁堀
79%
勝どき
79%
京橋
74%
74%
日本橋茅場町
72%
晴海
70%
日本橋浜町
67%
八重洲
67%
新富
63%
日本橋小伝馬町
63%
日本橋人形町
56%
日本橋蛎殻町
56%
日本橋馬喰町
56%
日本橋室町
49%
日本橋大伝馬町
49%
東日本橋
47%
日本橋兜町
47%
新川
44%
日本橋箱崎町
44%
浜離宮庭園
40%
日本橋横山町
37%
豊海町
37%
明石町
35%
33%
日本橋堀留町
33%
日本橋本町
30%
入船
28%
日本橋小網町
26%
日本橋小舟町
23%
日本橋久松町
23%
日本橋本石町
21%
日本橋富沢町
21%
日本橋中洲
21%
No matching quizzes found
Score Distribution
Percent of People with Each Score
Percentile by Number Answered
Your Score History
You have not taken this quiz